| 000 | 00532nam a22001817a 4500 | ||
|---|---|---|---|
| 005 | 20150710113901.0 | ||
| 010 | _aENG-113166 | ||
| 020 |
_c285.00 _a9788173819377 |
||
| 035 | _aEN-96698 | ||
| 037 | _bDBAD/PUB | ||
| 082 | _a808.84 | ||
| 100 | _aDas, P. C. | ||
| 245 |
_aEssays reports and letter writing / _cby P. C. Das |
||
| 260 |
_bNew Central Book Agency _c2015(repr.) _aKolkata |
||
| 270 |
_bKolkata _e700009 _a8/1 Chintamoni Das Lane, |
||
| 300 |
_axxii,636p. _c24cm(pbk) |
||
| 942 |
_2ddc _cEN _mDAS _h808.84 |
||
| 999 |
_c93852 _d93852 |
||